Správa z podujatia Financie, účtovníctvo, dane 2021 a ich právne aspekty so zameraním na súčasné problémy
Správa z vedeckého seminára s názvom Financie, účtovníctvo, dane 2021 a ich právne aspekty so zameraním na súčasné problémy, ktorý bol určený pre členov katedry, fakulty, ale aj iných odborníkov a výskumníkov z oblastí daní, účtovníctva, podnikových financií a práva.
Enregistré dans:
| Auteur principal: | |
|---|---|
| Format: | Chapitre de livre |
| Langue: | slovaque |
| Sujets: | |
| Tags: |
Pas de tags, Soyez le premier à ajouter un tag!
|
MARC
| LEADER | 00000naa a2200000 4500 | ||
|---|---|---|---|
| 001 | 0283318 | ||
| 005 | 20240502074407.8 | ||
| 041 | 0 | |a slo | |
| 044 | |a SK | ||
| 245 | 1 | 0 | |a Správa z podujatia Financie, účtovníctvo, dane 2021 a ich právne aspekty so zameraním na súčasné problémy |c Jozef Lukáč |
| 520 | |a Správa z vedeckého seminára s názvom Financie, účtovníctvo, dane 2021 a ich právne aspekty so zameraním na súčasné problémy, ktorý bol určený pre členov katedry, fakulty, ale aj iných odborníkov a výskumníkov z oblastí daní, účtovníctva, podnikových financií a práva. | ||
| 610 | 2 | 0 | |a semináre |
| 610 | 2 | 0 | |a financie |
| 610 | 2 | 0 | |a dane |
| 610 | 2 | 0 | |a účtovníctvo |
| 100 | 1 | |a Lukáč, Jozef, 1991- | |